Head Shot or Groin Shot? Part II Quiz Stats

 Plays Quiz Updated Jul 12, 2014

Support Sporcle.
Go Orange.
Score 0/52 Timer 15:00
0 Plays Today
% Correct
???
99.3%
???
97.8%
???
97.3%
???
96.6%
???
95.9%
???
95.4%
???
95%
???
94.9%
???
94.2%
???
94.1%
???
93.8%
???
93.4%
???
93%
???
93.1%
???
92.9%
???
92.5%
???
92.3%
???
92%
???
92%
???
91.8%
???
91.6%
???
91.4%
???
91.3%
???
91.2%
???
91.2%
???
91%
% Correct
???
90.9%
???
90.7%
???
90.5%
???
90.4%
???
90.3%
???
90.2%
???
90%
???
89.2%
???
89%
???
88.1%
???
88.1%
???
86.1%
???
84.3%
???
84.3%
???
84.2%
???
82.5%
???
81.2%
???
81.2%
???
80.1%
???
79.8%
???
73.2%
???
70.5%
???
67.8%
???
50.7%
???
25.5%
???
22.1%

You're not logged in!

Compare scores with friends on all Sporcle quizzes.
OR
Log In

From the Vault

Song Snippets

by LTH

You and Sporcle could make such beautiful music together.
Remove Ads.
Support Sporcle.
Get the best of Sporcle when you Go Orange. This ad-free experience offers more features, more stats, and more fun while also helping to support Sporcle. Thank you for becoming a member.

Show Comments

Extras

Top Quizzes Today


Score Distribution

Your Account Isn't Verified!

In order to create a playlist on Sporcle, you need to verify the email address you used during registration. Go to your Sporcle Settings to finish the process.

Report this User

Report this user for behavior that violates our Community Guidelines.

Details: